000
00297nam a2200121Ia 4500
008
241002s9999 xx 000 0 und d
082
_a
808.4 RUS
100
_a
Russell, Bertrand
245
0
_a
Mysticism and Logic and Other Essays
260
_a
London:
_c
1954
600
_a
Literature
942
_c
UC
999
_c
18642
_d
18642